Měření neelektrických veličin : Snímače 1
Gespeichert in:
| 1. Verfasser: | |
|---|---|
| Format: | Buch |
| Sprache: | Tschechisch |
| Veröffentlicht: |
Brno :
Vysoké učení technické v Brně,
1972
|
| Ausgabe: | 2. vyd. |
| Tags: |
Keine Tags, Fügen Sie das erste Tag hinzu!
|
MARC
| LEADER | 00000nam a22000003a 4500 | ||
|---|---|---|---|
| 001 | stu33262 | ||
| 005 | 20150617225658.4 | ||
| 008 | 980818s1972------------------------cze-d | ||
| 040 | |a STU |b slo | ||
| 041 | 0 | |a cze | |
| 100 | 1 | |a Zehnula, Karel |4 aut | |
| 245 | 1 | |a Měření neelektrických veličin : |b Snímače 1 | |
| 250 | |a 2. vyd. | ||
| 260 | |a Brno : |b Vysoké učení technické v Brně, |c 1972 | ||
| 300 | |a 137 s | ||
| 996 | |b 284ES17984 |c E*S-6373 |l EE01 |s A |a 24 |w stu33262_0002 | ||